LEADER 02708nam0 2200565 i 450 001 VAN0132644 005 20230530024728.763 017 70$2N$a9783030612030 100 $a20210322d2020 |0itac50 ba 101 $aeng 102 $aCH 105 $a|||| ||||| 200 1 $aInvolutive Category Theory$fDonald Yau 210 $aCham$cSpringer$d2020 215 $axii, 243 p.$d24 cm 461 1$1001VAN0102250$12001 $aLecture notes in mathematics$1210 $aBerlin [etc.]$cSpringer$v2279 500 1$3VAN0234227$aInvolutive Category Theory$91768627 606 $a18-XX$xCategory theory; homological algebra [MSC 2020]$3VANC019745$2MF 606 $a16W10$xRings with involution; Lie, Jordan and other nonassociative structures [MSC 2020]$3VANC022266$2MF 606 $a46L05$xGeneral theory of C*-algebras [MSC 2020]$3VANC022386$2MF 606 $a18Dxx$xCategorical structures [MSC 2020]$3VANC024547$2MF 606 $a18C15$xMonads (= standard construction, triple or triad), algebras for monads, homology and derived functors for monads [MSC 2020]$3VANC024567$2MF 606 $a46C50$xGeneralizations of inner products (semi-inner products, partial inner products, etc.) [MSC 2020]$3VANC036034$2MF 610 $aAlgebraic Quantum Field Theory$9KW:K 610 $aComplex unital star-algebras$9KW:K 610 $aGNS construction$9KW:K 610 $aGNS construction physics$9KW:K 610 $aGelfand Naimark Segal construction$9KW:K 610 $aGelfand Naimark Segal theorem$9KW:K 610 $aInvolutive categories$9KW:K 610 $aInvolutive functors$9KW:K 610 $aInvolutive monads$9KW:K 610 $aInvolutive monoidal categories$9KW:K 610 $aInvolutive monoids$9KW:K 610 $aInvolutive operads$9KW:K 610 $aInvolutive operator$9KW:K 610 $aInvolutive structures$9KW:K 610 $aStrictification$9KW:K 610 $aStrictification monoidal category$9KW:K 620 $aCH$dCham$3VANL001889 700 1$aYau$bDonald$3VANV081965$0721399 712 $aSpringer $3VANV108073$4650 801 $aIT$bSOL$c20240614$gRICA 856 4 $uhttp://doi.org/10.1007/978-3-030-61203-0$zE-book ? Accesso al full-text attraverso riconoscimento IP di Ateneo, proxy e/o Shibboleth 912 $fN 912 $aVAN0132644 950 $aBIBLIOTECA DEL DIPARTIMENTO DI MATEMATICA E FISICA$d08CONS e-book $e08LNM2279 20210322 950 $aBIBLIOTECA DEL DIPARTIMENTO DI MATEMATICA E FISICA$d08CONS e-book 4708 $e08eMF4708 20220830 996 $aInvolutive Category Theory$91768627 997 $aUNICAMPANIA LEADER 02038nam0 2200445 i 450 001 VAN00118948 005 20251015085112.988 017 70$2N$a9783319952314 100 $a20181214d2018 |0itac50 ba 101 $aeng 102 $aCH 105 $a|||| ||||| 181 $ai$b e 182 $ab 183 $acr 200 1 $aRelative aspects in representation theory, Langlands functoriality and automorphic forms$eCIRM Jean-Morlet Chair, Spring 2016$fVolker Heiermann, Dipendra Prasad editors 210 $a[Cham]$cSpringer$d2018 215 $aVII, 361 p.$cill.$d24 cm 461 1$1001VAN00102250$12001 $aLecture notes in mathematics$1210 $aBerlin [etc.]$cSpringer$v2221 500 1$3VAN00234340$aRelative aspects in representation theory, Langlands functoriality and automorphic forms$94444390 606 $a11Fxx$xDiscontinuous groups and automorphic forms [MSC 2020]$3VANC021451$2MF 606 $a22Exx$xLie groups [MSC 2020]$3VANC020588$2MF 610 $aAutomorphic forms$9KW:K 610 $aRelative Trace Formula$9KW:K 610 $aRepresentations$9KW:K 610 $aTrace Formula$9KW:K 610 $ap-adic groups$9KW:K 620 $aCH$dCham$3VANL001889 702 1$aHeiermann$bVolker$3VANV091367$4340 702 1$aPrasad$bDipendra$3VANV091368$4340 710 02$aCIRM Jean-Morlet Chair$cMarseille, FR$3VANV090294$01851059 712 $aSpringer $3VANV108073$4650 801 $aIT$bSOL$c20251017$gRICA 856 4 $uhttp://doi.org/10.1007/978-3-319-95231-4$zE-book ? Accesso al full-text attraverso riconoscimento IP di Ateneo, proxy e/o Shibboleth 899 $aBIBLIOTECA DEL DIPARTIMENTO DI MATEMATICA E FISICA$1IT-CE0120$2VAN08 912 $fN 912 $aVAN00118948 950 $aBIBLIOTECA DEL DIPARTIMENTO DI MATEMATICA E FISICA$d08CONS e-book $e08LNM2221 20181214 996 $aRelative aspects in representation theory, Langlands functoriality and automorphic forms$94444390 997 $aUNICAMPANIA